K 75. narodeninám O. Borodáčovej-Országhovej

Bibliographic Details
Main Author: Štúrová, Nelly, 1929-1998 (Author)
Format: Article
Language:Slovak
Subjects:

MARC

LEADER 00000nab a2200000 a 4500
001 vtls010078734
003 SK-MaSNL
005 20260305010628.0
008 250507c1974 xo |r|p|||||||000 b|slo
015 |a SNBRB1974 
035 |a (uuid)4e6fad46-ce00-41c0-996e-000703be0768 
035 |a urn:nbn:sk:snk-ab1ssg 
035 |a (urnnbn)urn:nbn:sk:snk:ar-a00lvs 
038 |a SNKBUCL 
040 |a SNKBUCL  |b slo  |c SNKBUCL  |e AACR2 
041 0 |a slo 
044 |a xo  |c SK 
080 |a 792.071.2  |2 2001 
100 1 |a Štúrová, Nelly,  |d 1929-1998  |4 aut  |9 100601 
245 1 0 |a K 75. narodeninám O. Borodáčovej-Országhovej  |c Nelly Štúrová 
600 1 7 |a Borodáčová, Oľga,  |d 1899-1986  |2 snkbucl  |9 156167 
655 7 |a profily  |2 snkbucl  |9 341977 
773 0 |t Javisko  |g Roč. 6, č. 12 (1974), s. 383-384 
850 |a Slovenská národná knižnica 
852 |a Slovenská národná knižnica 
954 |a odborná, vedecká literatúra pôvodná (slovenská)  |2 lita 
958 |a article27 
958 |a OND 
958 |a BX 
958 |a EUIPO 
999 |c 3247689  |d 3249619